| Поле | Название | Значение |
| |
Тип записи |
i |
| |
Библиографический уровень |
m |
| 001 |
Контрольный номер |
RU/IS/BASE/425579384 |
| 005 |
Дата корректировки |
20201206204854.3 |
| 010 |
Индекс ISBN |
__ |
| a |
ISBN |
978-5-9677-0852-7 |
| d |
Цена |
100-00 |
| 101 |
Язык документа |
1_ |
| a |
Язык текста |
rus |
| c |
Язык оригинала |
fre |
| 200 |
Заглавие и сведения об ответственности |
1_ |
| a |
Заглавие |
Пармский монастырь |
| e |
Сведения, относящиеся к заглавию |
[роман : аудиокнига : 16+] |
| f |
Первые сведения об ответственности |
Стендаль ; [пер. с фр. Петра Губера ; читает Иван Либеров] |
| b |
Общее обозначение материала |
Звукозапись |
| 210 |
Выходные данные |
__ |
| a |
Место издания |
М. |
| c |
Издательство |
1С-Паблишинг |
| d |
Дата издания |
2008 |
| 215 |
Физическое описание |
__ |
| a |
Объем |
2 электрон. опт. диска (Audio CD) (23 ч. 29 мин.) |
| c |
Иллюстрации/тип воспроизводства |
stereo |
| 225 |
Серия |
__ |
| a |
Серия |
1С: Аудиокниги |
| 300 |
Общие примечания |
__ |
| a |
Общие примечания |
128 kbps ; 44.1 kHz ; MP3 ; 16 bit ; 32 Мб оперативной памяти ; видеоадаптер SVGA 800х600 ; 2 Мб свободного места на жестком диске |
| 323 |
Примечание о главных создателях, исполнителях, участниках |
__ |
| a |
Примечание о главных создателях, исполнителях, участниках |
Либеров, И. (читает) |
| 330 |
Аннотация |
__ |
| a |
Аннотация |
Герои романа «Пармский монастырь» - молодые итальянцы, страстные патриоты и романтики. Имя Наполеона стало для них символом освобождения родины - но битва при Ватерлоо ознаменовала крах всех надежд... Бурная жизнь героев, их приключения и переживания, помыслы и страсти показаны на фоне событий, определивших развитие истории Европы. Л.Н. Толстой называл «Пармский монастырь» несравненным шедевром и восхищался описанием битвы при Ватерлоо. |
| 333 |
Примечание о целевом назначении |
__ |
| a |
Примечание о целевом назначении |
16+. Для детей старше 16 лет |
| 606 |
Тематические рубрики |
__ |
| a |
Основная рубрика |
Художественная литература |
| 606 |
Тематические рубрики |
__ |
| a |
Основная рубрика |
Литература Европы (произведения) |
| y |
Географическая подрубрика |
Франция |
| 610 |
Ключевые слова |
__ |
| a |
Ключевые слова |
французская литература; зарубежная литература; иностранная литература; романы; тема войны; тема истории; исторические романы |
| 686 |
Индексы других классификаций |
__ |
| a |
Классификационный индекс |
84(4Фра)52-4я04 |
| 700 |
Автор |
_0 |
| a |
Фамилия |
Стендаль |
| c |
Титул (звания) |
Бейль, А. М. |
| 4 |
Код отношения |
070 |
| 702 |
Вторичная интеллектуальная ответственность |
__ |
| a |
Фамилия |
Губер |
| b |
Имя |
П. |
| 4 |
Код отношения |
Переводчик |
| 4 |
Код отношения |
730 |
| 801 |
Источник записи |
_0 |
| a |
Страна |
RU |
| b |
Организация |
Муниципальное бюджетное учреждение культуры "Централизованная библиотечная система" г. Сургут (Центральная городская библиотека им. А. С. Пушкина) |
| g |
Правила каталогизации |
КиК/Котельникова |
| 801 |
Источник записи |
_1 |
| a |
Страна |
RU |
| b |
Организация |
Муниципальное бюджетное учреждение культуры "Централизованная библиотечная система" г. Сургут (Центральная городская библиотека им. А. С. Пушкина) |
| g |
Правила каталогизации |
КиК/Котельникова |
| 852 |
Данные о местонахождении |
__ |
| j |
Шифр хранения |
84(4Фра)52-4я04 |
| i |
Авторский знак |
С 79 |
| 901 |
Тип документа |
__ |
| t |
Тип документа |
0 |
| 903 |
Характеристики (МАРС) |
__ |
| a |
Дата передачи |
20130626 |
| 969 |
Тип издания |
__ |
| a |
Тип издания |
аудиокнига; издание для слепых |
| 990 |
Данные о заказе (DOS) |
__ |
| j |
Количество экземпляров (DOS) |
1 |
| h |
N записи в КСУ для Б/У (DOS) |
201307 |